Manual de conducta y terapéutica cardiovascular / (Registro nro. 22259)
[ vista simple ]
| 000 -LEADER | |
|---|---|
| fixed length control field | 02610nam a2200337 4500 |
| 003 - CONTROL NUMBER IDENTIFIER | |
| control field | CO-CtgCURN |
| 005 - DATE AND TIME OF LATEST TRANSACTION | |
| control field | 20250728121136.0 |
| 007 - PHYSICAL DESCRIPTION FIXED FIELD--GENERAL INFORMATION | |
| fixed length control field | ta |
| 008 - FIXED-LENGTH DATA ELEMENTS--GENERAL INFORMATION | |
| fixed length control field | 160627s2020 000 0 eng d |
| 020 ## - INTERNATIONAL STANDARD BOOK NUMBER | |
| International Standard Book Number | 978-607-448-795-4 |
| 040 ## - CATALOGING SOURCE | |
| Original cataloging agency | CO-CtgCURN |
| Language of cataloging | spa |
| Transcribing agency | coctgcurn |
| 082 0# - DEWEY DECIMAL CLASSIFICATION NUMBER | |
| Classification number | 616.106 |
| Item number | S254 |
| 100 1# - MAIN ENTRY--PERSONAL NAME | |
| Personal name | Saturno Chiu, Guillermo, |
| Relator term | editor. |
| 245 10 - TITLE STATEMENT | |
| Title | Manual de conducta y terapéutica cardiovascular / |
| Statement of responsibility, etc. | Guillermo Saturno Chiu; Karina Lupercio Mora. |
| 250 ## - EDITION STATEMENT | |
| Edition statement | Segunda edición. |
| 260 ## - PUBLICATION, DISTRIBUTION, ETC. | |
| Place of publication, distribution, etc. | México : |
| Name of publisher, distributor, etc. | Manual Moderno, |
| Date of publication, distribution, etc. | 2020. |
| 300 ## - PHYSICAL DESCRIPTION | |
| Extent | 700 páginas : |
| Other physical details | ilustraciones blanco y negro ; |
| Dimensions | 21 cms. |
| 336 ## - CONTENT TYPE | |
| Source | rdacontent |
| 337 ## - MEDIA TYPE | |
| Source | rdamedia |
| Media type term | sin mediacion |
| Media type code | n |
| 338 ## - CARRIER TYPE | |
| Source | rdacarrier |
| Carrier type term | volumen |
| Carrier type code | nc |
| 505 8# - FORMATTED CONTENTS NOTE | |
| Formatted contents note | 1. Somatometra.--2. Signos vitales.--3. Inspección general.--4. Pares craneales.--5. Sensibilidad del resto del cuerpo.--6. Movilidad voluntaria del resto del cuerpo.--7. Coordinación muscular.--8. Reflejos, tono muscular, trofismo, estación de pie, ambulación, control de esfínteres y funciones sexuales.--9. Funciones cerebrales superiores.--10. Exploración neurológica en un servicio de urgencias.--11. Síndromes neurológicos más frecuentes.--12. Casos clínicos integradores para discusión.-- 13. Glosario de manifestaciones clínicas |
| 520 8# - SUMMARY, ETC. | |
| Summary, etc. | "La obra inicia con dos temas fundamentales: Interrogatorio y exploración cardiovascular, y El análisis radiológico del corazón. Contiene un módulo completo de Electrocardiografía y arritmias, donde se exponen escenarios electrocardiográficos complejos. Se exponen, de manera concisa y sencilla los Síndromes coronarios, enfatizando las características más importantes para su diagnóstico, así como la conducta actual para su manejo. Además de los módulos de Urgencias cardiovasculares, Insuficiencia cardiaca, Procedimientos y cuidados en el paciente crítico, Cardiopatías congénitas, todos de gran importancia para el especialista. Cabe destacar que se incluyen temas innovadores, como las Cardiopatías y embarazo, los criterios para el implante de una Prótesis valvular artica transcatter (TAVI) y las indicaciones para la Asistencia mecánica de la circulación." |
| 650 #0 - SUBJECT ADDED ENTRY--TOPICAL TERM | |
| Topical term or geographic name entry element | Terapéutica |
| General subdivision | Manuales, etc. |
| 650 #0 - SUBJECT ADDED ENTRY--TOPICAL TERM | |
| Topical term or geographic name entry element | Cerebro |
| Form subdivision | Localización de funciones. |
| 650 #0 - SUBJECT ADDED ENTRY--TOPICAL TERM | |
| Topical term or geographic name entry element | Sistema cardiovascular |
| Form subdivision | Enfermedades |
| General subdivision | Pacientes. |
| 650 #0 - SUBJECT ADDED ENTRY--TOPICAL TERM | |
| Topical term or geographic name entry element | Sistema cardiovascular |
| Form subdivision | Enfermedades |
| General subdivision | Diagnóstico. |
| 700 1# - ADDED ENTRY--PERSONAL NAME | |
| Personal name | Lupercio Mora, Karina, |
| Relator term | editor. |
| 908 ## - PUT COMMAND PARAMETER (RLIN) | |
| Put command parameter | 160627 |
| 942 ## - ADDED ENTRY ELEMENTS (KOHA) | |
| Koha item type | Libros |
| Classification part | 616.106 |
| Item part | S254 |
| Source of classification or shelving scheme | Dewey Decimal Classification |
| Suppress in OPAC | No |
| Withdrawn status | Lost status | Source of classification or shelving scheme | Damaged status | Not for loan | Collection | Home library | Current library | Shelving location | Date acquired | Inventory number | Total checkouts | Full call number | Barcode | Date last seen | Price effective from | Koha item type | Public note |
|---|---|---|---|---|---|---|---|---|---|---|---|---|---|---|---|---|---|
| Dewey Decimal Classification | General | Miguel Henríquez Emiliani | Miguel Henríquez Emiliani | General | 03/31/2025 | 024897 | 616.106 S254 | 024897 | 03/31/2025 | 03/31/2025 | Libros | 610-CIENME |